[Event "Alexander Memorial"]
[Site "Middlesbrough ENG"]
[Date "1975.09.15"]
[Round "13"]
[White "Lombardy, William James"]
[Black "Smyslov, Vassily"]
[Result "0-1"]
[WhiteElo "2515"]
[BlackElo "2605"]
[EventDate "1975.09.01"]
[PlyCount "68"]

1.e4 e5 2.Nc3 Nf6 3.f4 d5 4.d3 exf4 5.e5 d4 6.Nce2 Nd5 7.Nxf4 Bb4+ 8.Kf2 
Nc6 9.Nf3 O-O 10.Be2 Ne3 11.Bxe3 dxe3+ 12.Kxe3 Bc5+ 13.d4 Nxd4 14.Nxd4 Qg5
15.c3 Qxe5+ 16.Kf3 Rd8 17.g3 Bxd4 18.Kg2 Bf5 19.cxd4 Rxd4 20.Qe1 g5 21.Bf3
Qxe1 22.Rhxe1 gxf4 23.gxf4 Rxf4 24.Re7 Rc4 25.b3 Rc2+ 26.Kg3 Be6 27.Rf1 
Rc3 28.Kh4 Rd8 29.Bh5 Rd4+ 30.Kg5 Kg7 31.Rfxf7+ Bxf7 32.Rxf7+ Kg8 33.Rf5 
Re3 34.Bg4 c6 0-1

[Event "Alexander Memorial"]
[Site "Middlesbrough ENG"]
[Date "1975.09.15"]
[Round "13"]
[White "Olafsson, Fridrik"]
[Black "Miles, Anthony John"]
[Result "1-0"]
[WhiteElo "2535"]
[BlackElo "2435"]
[EventDate "1975.09.01"]
[PlyCount "83"]

1.d4 Nf6 2.c4 c5 3.Nf3 cxd4 4.Nxd4 a6 5.Nc3 d5 6.Nf3 dxc4 7.Qxd8+ Kxd8 8.
e4 e6 9.Ne5 Ke8 10.Nxc4 Nbd7 11.a4 Bc5 12.f3 Nb6 13.Be3 Bxe3 14.Nxe3 a5 
15.Bd3 Ke7 16.Ke2 e5 17.Rhb1 Be6 18.b4 Nfd7 19.Bb5 Rhb8 20.Bxd7 Nxd7 21.
Ncd5+ Bxd5 22.Nxd5+ Kd8 23.Rd1 b6 24.b5 Ra7 25.Rac1 Ke8 26.Rc6 Rab7 27.
Rdc1 f6 28.Re6+ Kf8 29.Rec6 Kf7 30.Ke3 Kf8 31.g4 h6 32.h4 Kf7 33.g5 hxg5 
34.hxg5 fxg5 35.Rg1 g4 36.Rxg4 Nf6 37.Rg5 Nxd5+ 38.exd5 Kg8 39.Rxe5 Rf7 
40.f4 Rbf8 41.Re4 Rf5 42.d6 1-0

[Event "Alexander Memorial"]
[Site "Middlesbrough ENG"]
[Date "1975.09.15"]
[Round "13"]
[White "Hort, Vlastimil"]
[Black "Gheorghiu, Florin"]
[Result "1/2-1/2"]
[WhiteElo "2600"]
[BlackElo "2540"]
[EventDate "1975.09.01"]
[PlyCount "30"]

1.Nf3 Nf6 2.b3 g6 3.Bb2 Bg7 4.c4 c5 5.g3 b6 6.Nc3 Bb7 7.Bg2 O-O 8.O-O d5 
9.Nxd5 Nxd5 10.Bxg7 Kxg7 11.cxd5 Qxd5 12.d4 cxd4 13.Nh4 Qd7 14.Bxb7 Qxb7 
15.Qxd4+ Kg8 1/2-1/2

[Event "Alexander Memorial"]
[Site "Middlesbrough ENG"]
[Date "1975.09.15"]
[Round "13"]
[White "Stean, Michael Francis"]
[Black "Bronstein, David"]
[Result "1/2-1/2"]
[WhiteElo "2370"]
[BlackElo "2590"]
[EventDate "1975.09.01"]
[PlyCount "29"]

1.e4 c6 2.d4 d5 3.exd5 cxd5 4.c4 Nf6 5.Nc3 g6 6.cxd5 Bg7 7.Bb5+ Nbd7 8.d6 
O-O 9.dxe7 Qxe7+ 10.Nge2 a6 11.Bxd7 Qxd7 12.O-O b5 13.Bf4 Bb7 14.Be5 Rad8 
15.Qb3 1/2-1/2

[Event "Alexander Memorial"]
[Site "Middlesbrough ENG"]
[Date "1975.09.16"]
[Round "14"]
[White "Bronstein, David"]
[Black "Kavalek, Lubomir"]
[Result "1/2-1/2"]
[WhiteElo "2590"]
[BlackElo "2555"]
[EventDate "1975.09.01"]
[PlyCount "37"]

1.e4 c5 2.Nf3 d6 3.d4 cxd4 4.Nxd4 Nf6 5.Nc3 e6 6.Be3 Be7 7.Bc4 a6 8.Bb3 
O-O 9.f4 b5 10.e5 dxe5 11.fxe5 Nfd7 12.Qh5 Nc5 13.O-O Nxb3 14.Nxb3 Bb7 15.
Qg4 Qc7 16.Bh6 Qxe5 17.Rae1 f5 18.Rxe5 fxg4 19.Rxe6 1/2-1/2

[Event "Alexander Memorial"]
[Site "Middlesbrough ENG"]
[Date "1975.09.16"]
[Round "14"]
[White "Geller, Efim"]
[Black "Stean, Michael Francis"]
[Result "1-0"]
[WhiteElo "2600"]
[BlackElo "2370"]
[EventDate "1975.09.01"]
[PlyCount "35"]

1.Nf3 c5 2.c4 g6 3.d4 cxd4 4.Nxd4 Nc6 5.e4 Nf6 6.Nc3 d6 7.Be2 Nxd4 8.Qxd4 
Bg7 9.Bg5 Be6 10.Rc1 Qa5 11.Qd2 Rc8 12.f3 Bxc4 13.Nd5 Qxa2 14.O-O Nxd5 15.
Rxc4 Rxc4 16.Qxd5 Ra4 17.Bb5+ Kf8 18.Rc1 1-0

[Event "Alexander Memorial"]
[Site "Middlesbrough ENG"]
[Date "1975.09.16"]
[Round "14"]
[White "Smyslov, Vassily"]
[Black "Huebner, Robert"]
[Result "1/2-1/2"]
[WhiteElo "2605"]
[BlackElo "2615"]
[EventDate "1975.09.01"]
[PlyCount "47"]

1.e4 c5 2.Nf3 e6 3.d4 cxd4 4.Nxd4 a6 5.Bd3 g6 6.c3 Bg7 7.Nd2 Nc6 8.Nxc6 
bxc6 9.O-O Ne7 10.Qe2 d6 11.f4 O-O 12.e5 a5 13.exd6 Qxd6 14.Ne4 Qc7 15.Qf2
Rd8 16.Bc4 Nf5 17.g4 Nd6 18.Nxd6 Qxd6 19.Be3 Ba6 20.Bxa6 Rxa6 21.Qe2 Raa8 
22.Rab1 Qe7 23.Bb6 Rd5 24.c4 1/2-1/2

[Event "Alexander Memorial"]
[Site "Middlesbrough ENG"]
[Date "1975.09.16"]
[Round "14"]
[White "Timman, Jan"]
[Black "Olafsson, Fridrik"]
[Result "1/2-1/2"]
[WhiteElo "2510"]
[BlackElo "2535"]
[EventDate "1975.09.01"]
[PlyCount "98"]

1.d4 Nf6 2.c4 g6 3.Nc3 Bg7 4.e4 d6 5.f3 Nbd7 6.Be3 c5 7.Nge2 a6 8.Qd2 Rb8 
9.Rd1 Qa5 10.Nc1 cxd4 11.Bxd4 O-O 12.Be2 Ne5 13.O-O Nc6 14.Nb3 Qd8 15.Be3 
Be6 16.Nd5 b5 17.c5 Bxd5 18.exd5 Ne5 19.Bd4 Nc4 20.Bxc4 bxc4 21.Na5 dxc5 
22.Nc6 cxd4 23.Nxd8 Rfxd8 24.Qxd4 Rbc8 25.Qa7 Nxd5 26.Qxa6 e6 27.Rf2 Ra8 
28.Qb5 Rab8 29.Qa5 Ra8 30.Qd2 Rxa2 31.Qc1 Rc8 32.Rc2 c3 33.Qb1 Raa8 34.Qc1
Ra2 35.h4 h5 36.Re1 Bd4+ 37.Kh2 Nb4 38.Rxc3 Bxc3 39.bxc3 Nd3 40.Qb1 Rd2 
41.Rd1 Rxd1 42.Qxd1 Rxc3 43.Qd2 Ra3 44.Qe3 Rb3 45.Qd4 Ne1 46.Qa4 Nxf3+ 47.
gxf3 Rd3 48.Qa8+ Kg7 49.Qa1+ Kg8 1/2-1/2

[Event "Alexander Memorial"]
[Site "Middlesbrough ENG"]
[Date "1975.09.16"]
[Round "14"]
[White "Miles, Anthony John"]
[Black "Lombardy, William James"]
[Result "1/2-1/2"]
[WhiteElo "2435"]
[BlackElo "2515"]
[EventDate "1975.09.01"]
[PlyCount "47"]

1.Nf3 Nf6 2.g3 d6 3.Bg2 e5 4.O-O Be7 5.c4 O-O 6.Nc3 Re8 7.d3 Bf8 8.e4 c6 
9.Ne1 a6 10.f4 b5 11.b3 Nbd7 12.Nf3 Bb7 13.Kh1 b4 14.Ne2 Qb6 15.Qd2 a5 16.
Bb2 a4 17.Rae1 axb3 18.axb3 Rad8 19.Nc1 Qa5 20.Qc2 g6 21.d4 exd4 22.Nxd4 
Bg7 23.Nf3 Re7 24.e5 1/2-1/2

[Event "Alexander Memorial"]
[Site "Middlesbrough ENG"]
[Date "1975.09.16"]
[Round "14"]
[White "Gheorghiu, Florin"]
[Black "Keene, Raymond Dennis"]
[Result "1/2-1/2"]
[WhiteElo "2540"]
[BlackElo "2505"]
[EventDate "1975.09.01"]
[PlyCount "65"]

1.c4 g6 2.e4 e5 3.d4 d6 4.Nc3 Bg7 5.dxe5 dxe5 6.Qxd8+ Kxd8 7.f4 Nd7 8.Nf3 
c6 9.Be2 Ne7 10.O-O Ke8 11.Rb1 h6 12.Kh1 exf4 13.Bxf4 g5 14.Bd6 Ng6 15.e5 
g4 16.Nd4 Bxe5 17.Nf5 Bxd6 18.Nxd6+ Ke7 19.Nxc8+ Rhxc8 20.Bxg4 Rd8 21.
Rbe1+ Kf8 22.Ne4 Nde5 23.Bh5 b6 24.b3 Rd4 25.Ng3 Rd2 26.Bxg6 Nxg6 27.Re6 
Kg8 28.Rxc6 Rxa2 29.Nf5 Kh7 30.Rc7 Nh8 31.Rc6 Ng6 32.Rc7 Nh8 33.Rc6 
1/2-1/2

[Event "Alexander Memorial"]
[Site "Middlesbrough ENG"]
[Date "1975.09.18"]
[Round "15"]
[White "Hartston, William Roland"]
[Black "Smyslov, Vassily"]
[Result "0-1"]
[WhiteElo "2475"]
[BlackElo "2605"]
[EventDate "1975.09.01"]
[PlyCount "84"]

1.e4 e5 2.Nf3 Nc6 3.Bb5 g6 4.c3 d6 5.d4 Bd7 6.O-O Bg7 7.dxe5 dxe5 8.Qe2 
Nge7 9.Rd1 O-O 10.Bg5 Qe8 11.Na3 a6 12.Bc4 Kh8 13.Rd2 Rd8 14.Rad1 Bc8 15.
b4 Rxd2 16.Nxd2 Nd8 17.Bb3 Ne6 18.Be3 Nf4 19.Qc4 Nc6 20.Bc5 Be6 21.Qf1 Rg8
22.Nf3 h6 23.Rd2 f5 24.Bd5 Bxd5 25.exd5 e4 26.Nd4 Ne5 27.Ne2 Nfd3 28.Bd4 
Qa4 29.Nb1 Rd8 30.Bxe5 Bxe5 31.g4 Rxd5 32.Qh3 Bg7 33.gxf5 gxf5 34.Ng3 Qd7 
35.Nh5 Rd6 36.f4 exf3 37.Qxf3 Ne5 38.Qg3 Qf7 39.Rxd6 cxd6 40.Nxg7 f4 41.
Qg2 f3 42.Qg3 Qxa2 0-1

[Event "Alexander Memorial"]
[Site "Middlesbrough ENG"]
[Date "1975.09.18"]
[Round "15"]
[White "Olafsson, Fridrik"]
[Black "Gheorghiu, Florin"]
[Result "1/2-1/2"]
[WhiteElo "2535"]
[BlackElo "2540"]
[EventDate "1975.09.01"]
[PlyCount "27"]

1.d4 d5 2.Nf3 Nf6 3.c4 dxc4 4.e3 e6 5.Bxc4 c5 6.O-O a6 7.dxc5 Qxd1 8.Rxd1 
Bxc5 9.a3 b5 10.Be2 Bb7 11.Nbd2 Nc6 12.Nb3 Be7 13.Bd2 Ne4 14.Be1 1/2-1/2

[Event "Alexander Memorial"]
[Site "Middlesbrough ENG"]
[Date "1975.09.18"]
[Round "15"]
[White "Hort, Vlastimil"]
[Black "Bronstein, David"]
[Result "1/2-1/2"]
[WhiteElo "2600"]
[BlackElo "2590"]
[EventDate "1975.09.01"]
[PlyCount "28"]

1.d4 d5 2.c4 e6 3.Nc3 c5 4.e3 Nf6 5.Nf3 dxc4 6.Bxc4 a6 7.dxc5 Qxd1+ 8.Kxd1
Bxc5 9.a3 b5 10.Bd3 Bb7 11.b4 Bd6 12.Bb2 Ke7 13.Ke2 Nbd7 14.Rhd1 Rac8 
1/2-1/2

[Event "Alexander Memorial"]
[Site "Middlesbrough ENG"]
[Date "1975.09.18"]
[Round "15"]
[White "Keene, Raymond Dennis"]
[Black "Sax, Gyula"]
[Result "1/2-1/2"]
[WhiteElo "2505"]
[BlackElo "2510"]
[EventDate "1975.09.01"]
[PlyCount "38"]

1.d4 Nf6 2.c4 g6 3.Nf3 Bg7 4.g3 O-O 5.Bg2 d5 6.cxd5 Nxd5 7.O-O Na6 8.Nc3 
Nb6 9.Bg5 h6 10.Bf4 g5 11.Bc1 c5 12.dxc5 Qxd1 13.Rxd1 Nxc5 14.h4 g4 15.Nd4
Nca4 16.Nxa4 Nxa4 17.Rb1 Rb8 18.Be4 Rd8 19.Be3 Bd7 1/2-1/2

[Event "Alexander Memorial"]
[Site "Middlesbrough ENG"]
[Date "1975.09.18"]
[Round "15"]
[White "Kavalek, Lubomir"]
[Black "Geller, Efim"]
[Result "1/2-1/2"]
[WhiteElo "2555"]
[BlackElo "2600"]
[EventDate "1975.09.01"]
[PlyCount "35"]

1.e4 e5 2.Nf3 Nc6 3.Bb5 a6 4.Ba4 Nf6 5.O-O Be7 6.Re1 b5 7.Bb3 d6 8.c3 O-O 
9.h3 h6 10.d4 Re8 11.Nbd2 Bf8 12.Nf1 Bd7 13.Ng3 Na5 14.Bc2 Nc4 15.a4 c5 
16.b3 Na5 17.axb5 axb5 18.d5 1/2-1/2